banner koha

Recursos pesqueiros: gestão & sustentabilidade (Registro n. 10021)

MARC details
000 -LÍDER
Campo de controle fixo 00924nam a22003137a 4500
001 - NÚMERO DE CONTROLE
Número de controle BR2023001075
003 - CÓDIGO MARC DA AGÊNCIA CATALOGADORA
Campo de controle BR-BrBNA
005 - DATA E HORA DA ÚLTIMA ATUALIZAÇÃO
Campo de controle 20230927093914.0
008 - CAMPO DE TAMANHO FIXO
Campo fixo de controle 230921b bl.||||| |||| 00| 0 por d
020 ## - ISBN - INTERNATIONAL STANDARD BOOK NUMBER
ISBN 85-7300-162-3
040 ## - FONTE DA CATALOGAÇÃO
Agência catalogadora BR-BrBNA
Idioma da catalogação por
041 ## - CÓDIGO DO IDIOMA
Código do Idioma por
072 ## - CATEGORIA AGRIS
Código da categoria de assunto/objeto <a href="D10 ; D50 ; M01">D10 ; D50 ; M01</a>
090 ## - NÚMERO DE CHAMADA
Localização na estante D10
Código BR BR2023001075
110 1# - ENTRADA PRINCIPAL - ENTIDADE
9 (RLIN) 5914
Nome da entidade ou lugar Instituto Brasileiro do Meio Ambiente e dos Recursos Naturais Renováveis, Brasília, DF (Brasil)
245 ## - TÍTULO PRINCIPAL
Título principal Recursos pesqueiros: gestão & sustentabilidade
260 ## - IMPRENTA (PUBLICAÇÃO, DISTRIBUIÇÃO, ETC.)
Lugar de publicação, distribuição, etc. Brasília, DF (Brasil)
Data de publicação, distribuição, etc 2003
300 ## - DESCRIÇÃO FÍSICA
Extensão 40 p.
Detalhes físicos adicionais il. color.
Dimensões 21 x 28 cm
500 ## - NOTA GERAL
Notas gerais 38 illus.; 3 tables
650 ## - ASSUNTO - THESAGRO
Cabeçalho tópico ou nome geográfico ADMINISTRAÇÃO PÚBLICA
650 ## - ASSUNTO - THESAGRO
Cabeçalho tópico ou nome geográfico LEGISLAÇÃO
650 ## - ASSUNTO - THESAGRO
Cabeçalho tópico ou nome geográfico PESCA
650 ## - ASSUNTO - THESAGRO
Cabeçalho tópico ou nome geográfico RECURSO PESQUEIRO
650 ## - ASSUNTO - THESAGRO
Cabeçalho tópico ou nome geográfico PROJETO PESQUEIRO
650 ## - ASSUNTO - THESAGRO
Cabeçalho tópico ou nome geográfico TECNOLOGIA
650 ## - ASSUNTO - THESAGRO
Cabeçalho tópico ou nome geográfico DESENVOLVIMENTO SUSTENTÁVEL
909 ## - IDENTIFICAÇÃO DO CATALOGADOR
Ano e mês da catalogação (aaaamm) 202309
Identificação do catalogador Fernando
942 ## - TIPO ESPECÍFICO
Tipo de material Livros
952 ## - LOCATION AND ITEM INFORMATION (KOHA)
-- 2023-09-27
Exemplares
Status de empréstimo Fonte de classificação Status de danificação Não pode ser emprestado Código da coleção Localização permanente Localização atual Localização na estante Total Checkouts Número de chamada Código de barras Tipo de material
  Classificação AGRIS     Agrobase Biblioteca Nacional de Agricultura - Binagri Biblioteca Nacional de Agricultura - Binagri Agrobase - Acervo Geral   D10 BR2023001075 2023-436428 Livros

BINAGRI

Telefone: (61)3218-2567/2388/3357/2097 - binagri@agro.gov.br

Ministério da Agricultura e Pecuária , Esplanada dos Ministérios, Bloco D, Anexo B, Brasília/DF, CEP: 70.043-900